Experimental methods for engineers (Record no. 4826)

000 -LEADER
fixed length control field 00561nam a22002057a 4500
001 - CONTROL NUMBER
control field 4826
003 - CONTROL NUMBER IDENTIFIER
control field BD-DhUET
008 - FIXED-LENGTH DATA ELEMENTS--GENERAL INFORMATION
fixed length control field 141120b xxu||||| |||| 00| 0 eng d
020 ## - INTERNATIONAL STANDARD BOOK NUMBER
International Standard Book Number 0071133542
040 ## - CATALOGING SOURCE
Transcribing agency 0
Modifying agency BD-DhUET
082 ## - DEWEY DECIMAL CLASSIFICATION NUMBER
Classification number 620.072
Item number HOL/1994
100 ## - MAIN ENTRY--PERSONAL NAME
Personal name Holman, J. P.
245 ## - TITLE STATEMENT
Title Experimental methods for engineers
Statement of responsibility, etc. by J. P. Holman
250 ## - EDITION STATEMENT
Edition statement 6th ed.
260 ## - PUBLICATION, DISTRIBUTION, ETC. (IMPRINT)
Place of publication, distribution, etc. New York
Name of publisher, distributor, etc. McGraw-Hill
Date of publication, distribution, etc. 1994
300 ## - PHYSICAL DESCRIPTION
Extent xviii,616p.
Other physical details ill.
490 ## - SERIES STATEMENT
Series statement McGraw-Hill series in Mechanical Engineering
650 #0 - SUBJECT ADDED ENTRY--TOPICAL TERM
Topical term or geographic name as entry element Engineering-Laboratory manuals
942 ## - ADDED ENTRY ELEMENTS (KOHA)
Koha item type General Book
Holdings
Piece designation (barcode) Date acquired Source of classification or shelving scheme Koha normalized classification for sorting Koha full call number Not for loan Price effective from Koha date last seen Lost status Shelving location Koha date last borrowed Sublocation or collection (holding branch) Koha item type Location (home branch) Withdrawn status Damaged status Copy number Koha issues (times borrowed)
944912014-11-20 620_072000000000000_HOL_1994620.072/HOL/1994 2014-11-202020-01-18 Circulation section2019-10-01Central Library, BUETGeneral BookCentral Library, BUET  13
944892015-06-14 620_072000000000000_1994_HOL620.072/1994/HOL 2015-06-142015-06-14 Circulation section Central Library, BUETGeneral BookCentral Library, BUET  2 
944902015-07-26 620_072000000000000_1994_HOL620.072/1994/HOL 2015-07-262024-01-27 Circulation section2024-01-15Central Library, BUETGeneral BookCentral Library, BUET  34